Metodología integral para la internalización de efectos ambientales en las decisiones empresariales /

Guardado en:
Otros Autores: Pesce, Gabriela. (Disertante), Vigier, Hernán P. (Orientador), Durán, Regina. (Orientador)
Formato: Manuscrito
Idioma:Spanish
Publicado: 2012.
Materias:
Etiquetas: Agregar Etiqueta
Sin Etiquetas, Sea el primero en etiquetar este registro!
LEADER 01172ntm a22003015a 4500
001 EAD.ead003383
008 130307s2012####ag#######bm###000#0#spa#d
005 20160212124805.0
245 1 0 |a Metodología integral para la internalización de efectos ambientales en las decisiones empresariales /  |c Gabriela Pesce. 
260 |c 2012. 
300 |a xiv, 188 h. :  |b il. col. ;  |c 30 cm. 
500 |a "Tesis de Doctor en Economía"--Portada. 
500 |a Directores de tesis: Hernán Vigier y Regina Durán. 
502 |a Tesis (doctorado)--Universidad Nacional del Sur. Departamento de Economía, 2012. 
504 |a Incluye referencias bibliográficas. 
100 1 |a Pesce, Gabriela.  |4 dis 
700 1 |a Vigier, Hernán P.  |q (Hernán Pedro)  |4 ths 
700 1 |a Durán, Regina.  |4 ths 
710 2 |a Universidad Nacional del Sur.  |b Departamento de Economía  |4 dgg. 
082 0 4 |a 040  |2 15 
082 0 4 |a 333.7  |2 15 
082 0 4 |a 333.7  |2 21 
650 7 |a Economía.  |2 unbist 
650 7 |a Medio ambiente.  |2 unbist 
653 |a Costos ambientales 
650 7 |a Desarrollo sostenible.  |2 unbist 
650 7 |a Empresas.  |2 isoc 
859 |a AR-BaBDC  |b BIB. ADMINISTRACION - Libros  |h 333.7  |i P436  |p b06552